LEADER 01450nam a2200373 i 4500 001 991002577109707536 005 20020508202615.0 008 000306s1998 it ||| | grc 020 $a8817170526 035 $ab11030422-39ule_inst 035 $aPARLA165326$9ExL 040 $aDip.to Scienze dell'Antichità$bita 041 0 $aita$agrc$hgrc 100 0 $aPlutarchus$0439241 245 10$aVite parallele,$pDemostene ; Cicerone /$cPlutarco ; introduzione, traduzione e note [a Demostene] di Chiara Pecorella Longo ; introduzione [a Cicerone] di Joseph Geiger ; traduzione di Beatrice Mugelli ; note di Lucia Ghilli ; con contributi di Barbara Scardigli e Mario Manfredini 246 30$aDemostene ; Cicerone 250 $a3. ed 260 $a[Milano] :$bRizzoli,$c1998 300 $a611 p. ;$c18 cm. 490 0 $aBUR classici greci e latini ;$vL1052 500 $aTesto greco a fronte 650 4$aPlutarco - Vite parallele 700 1 $aPecorella Longo, Chiara 700 1 $aMugelli, Beatrice 700 1 $aGhilli, Lucia 700 1 $aScardigli, Barbara 700 1 $aManfredini, Mario 740 0 $aCicerone 907 $a.b11030422$b23-02-17$c28-06-02 912 $a991002577109707536 945 $aLE007 BUR GRC Plutarchus 14$g1$i2015000044211$lle007$o-$pE0.00$q-$rn$so $t0$u0$v0$w0$x0$y.i11151511$z28-06-02 996 $aBioi paralleloi$913902 997 $aUNISALENTO 998 $ale007$b01-01-00$cm$da $e-$fita$git $h0$i1